[Event "RUS-chT Rapid"]
[Site "Sochi"]
[Date "2021.10.16"]
[Round "9.5"]
[White "Ibraev, Rustam"]
[Black "Khanin, Semen"]
[Result "0-1"]
[WhiteElo "2253"]
[BlackElo "2521"]
[PlyCount "74"]
[EventDate "2021.10.15"]
[EventType "team-swiss (rapid)"]
[EventRounds "9"]
[EventCountry "RUS"]
[SourceTitle "CBM 204 Extra"]
[Source "ChessBase"]
[SourceDate "2021.11.30"]
[SourceVersion "1"]
[SourceVersionDate "2021.11.30"]
[SourceQuality "1"]
[WhiteTeam "Sochi CF"]
[BlackTeam "Novosibirsk Region"]
[WhiteTeamCountry "RUS"]
[BlackTeamCountry "RUS"]

1. e4 e5 2. Nc3 Nf6 3. g3 Bc5 4. Bg2 Nc6 5. h3 a6 6. Nge2 d6 7. d3 Be6 8. Nd5 Bxd5 9. exd5 Ne7 10. d4 exd4 11. Nxd4 h6 12. 0-0 0-0 13. Kh2 Qd7 14. c4 Rfe8 15. Qd3 Ng6 16. f4 Bxd4 17. Qxd4 Re2 18. Qd3 Rae8 19. Bd2 b5 20. b3 bxc4 21. bxc4 Qa4 22. Kg1 Nd7 23. Bf3 Nc5 24. Qd4 R8e4 25. Bxe4 Rxe4 26. Qb2 Qxc4 27. Rad1 Re2 28. Rfe1 Ne4 29. Rxe2 Qxe2 30. Rf1 Nxd2 31. Rf2 Qe1+ 32. Kg2 Qe4+ 33. Kg1 Nf3+ 34. Kf1 Qxd5 35. Qa3 Nd2+ 36. Kg1 Ne4 37. Qf3 Qd4 0-1

[Event "Sochi Lobanov Memorial"]
[Site "Sochi"]
[Date "2021.10.03"]
[Round "6"]
[White "Ibraev, Rustam"]
[Black "Oganian, Miran"]
[Result "0-1"]
[WhiteElo "2253"]
[BlackElo "2441"]
[PlyCount "58"]
[EventDate "2021.09.28"]
[EventType "swiss"]
[EventRounds "9"]
[EventCountry "RUS"]
[SourceTitle "CBM 204 Extra"]
[Source "ChessBase"]
[SourceDate "2021.11.30"]
[SourceVersion "1"]
[SourceVersionDate "2021.11.30"]
[SourceQuality "1"]

1. e4 c5 2. Nf3 Nc6 3. Bb5 Na5 4. 0-0 a6 5. Be2 e6 6. b3 b5 7. a4 Bb7 8. axb5 axb5 9. d3 Nf6 10. Bb2 Be7 11. Nbd2 0-0 12. c4 b4 13. Qc2 d5 14. exd5 exd5 15. Ne5 Bd6 16. cxd5 Bxe5 17. Bxe5 Qxd5 18. Nf3 Nd7 19. d4 Nxe5 20. dxe5 Nxb3 21. Rxa8 Bxa8 22. Bc4 Nd4 23. Bxd5 Nxc2 24. Rd1 Rd8 25. Bxf7+ Kxf7 26. Rxd8 Bxf3 27. Rc8 b3 28. Rxc5 Na3 29. Rc3 Bd5 0-1

[Event "Sochi Lobanov Memorial"]
[Site "Sochi"]
[Date "2021.09.29"]
[Round "2"]
[White "Ibraev, Rustam"]
[Black "Matushchak, Nikita"]
[Result "1/2-1/2"]
[WhiteElo "2253"]
[BlackElo "1933"]
[PlyCount "99"]
[EventDate "2021.09.28"]
[EventType "swiss"]
[EventRounds "9"]
[EventCountry "RUS"]
[SourceTitle "CBM 204 Extra"]
[Source "ChessBase"]
[SourceDate "2021.11.30"]
[SourceVersion "1"]
[SourceVersionDate "2021.11.30"]
[SourceQuality "1"]

1. e4 e6 2. d4 d5 3. Bd3 c5 4. Nf3 Nc6 5. exd5 exd5 6. 0-0 c4 7. Re1+ Be7 8. Bf1 Nf6 9. b3 cxb3 10. axb3 0-0 11. Nbd2 Bg4 12. h3 Bh5 13. c3 Re8 14. Bd3 Qb6 15. Bb2 Rac8 16. Bf5 Rcd8 17. Qc2 Bg6 18. Bxg6 hxg6 19. Ne5 Bd6 20. Ndf3 Ne4 21. Nxc6 bxc6 22. c4 Bf4 23. Ne5 Bxe5 24. dxe5 Nc5 25. cxd5 Rxd5 26. Re3 Red8 27. Ba3 Ne6 28. Rc1 Nd4 29. Qc4 Nf5 30. Ree1 Nd4 31. Re3 Nf5 32. Ree1 Nd4 33. Re3 Qa5 34. Be7 Re8 35. Bd6 Qd2 36. Bc5 Nf5 37. Re2 Qg5 38. Bxa7 Nh4 39. f4 Qg3 40. Qe4 Qxb3 41. Bf2 Nf5 42. Rxc6 Red8 43. e6 Rd1+ 44. Re1 Rxe1+ 45. Bxe1 Re8 46. Qc4 Qxc4 47. Rxc4 Rxe6 48. Kf2 Ne3 49. Rc8+ Kh7 50. g3 1/2-1/2

[Event "Bashkortostan-ch sf"]
[Site "Maloyaz"]
[Date "2011.04.13"]
[Round "4"]
[White "Ibraev, Rustam"]
[Black "Tagirov, Kajum K"]
[Result "1-0"]
[WhiteElo "2198"]
[BlackElo "1901"]
[PlyCount "66"]
[EventDate "2011.04.12"]
[EventType "swiss"]
[EventRounds "9"]
[EventCountry "RUS"]
[SourceTitle "EXT 2013"]
[Source "ChessBase"]
[SourceDate "2012.11.22"]
[SourceVersion "1"]
[SourceVersionDate "2012.11.22"]
[SourceQuality "1"]

1. e4 c5 2. Nf3 d6 3. c3 Nf6 4. h3 Nc6 5. Bd3 h6 6. Bc2 e5 7. d4 Be7 8. a3 Qc7 9. Be3 Bd7 10. Qe2 b5 11. dxc5 dxc5 12. a4 b4 13. Nbd2 Na5 14. 0-0 0-0 15. Nh4 Rfb8 16. Nf5 Bf8 17. Qf3 bxc3 18. bxc3 Rb2 19. Rac1 Kh7 20. Nxh6 c4 21. Nxf7 Kg8 22. Nh6+ gxh6 23. Qxf6 Kh7 24. f4 Bg7 25. Qh4 Nb3 26. Nxb3 Rxc2 27. Rxc2 cxb3 28. Rcf2 Qxc3 29. Bc1 Bxa4 30. fxe5 Qc5 31. Kh1 Qxe5 32. Bxh6 Kg8 33. Rf7 Bxh6 1-0

[Event "Ufa op"]
[Site "Ufa"]
[Date "2010.11.28"]
[Round "9"]
[White "Ibraev, Rustam"]
[Black "Absalyamova, Karina"]
[Result "1/2-1/2"]
[WhiteElo "2179"]
[BlackElo "1872"]
[PlyCount "41"]
[EventDate "2010.11.20"]
[EventType "swiss"]
[EventRounds "9"]
[EventCountry "RUS"]
[SourceTitle "CBM 139 Extra"]
[Source "ChessBase"]
[SourceDate "2011.01.05"]
[SourceVersion "1"]
[SourceVersionDate "2011.01.05"]
[SourceQuality "1"]

1. e4 e6 2. d4 d5 3. exd5 exd5 4. c4 Nf6 5. Nf3 c6 6. Nc3 Be7 7. h3 0-0 8. Bd3 Re8 9. 0-0 Nbd7 10. Ne5 Nf8 11. cxd5 cxd5 12. Be3 a6 13. f4 b5 14. a3 Bb7 15. Qb3 N8d7 16. Rae1 Rc8 17. g4 Bf8 18. Bf2 Nb6 19. Qd1 Nc4 20. Nxc4 dxc4 21. Bf5 1/2-1/2

[Event "Ufa op"]
[Site "Ufa"]
[Date "2010.11.27"]
[Round "8"]
[White "Ibragimov, Maxim"]
[Black "Ibraev, Rustam"]
[Result "1/2-1/2"]
[WhiteElo "2175"]
[BlackElo "2179"]
[PlyCount "63"]
[EventDate "2010.11.20"]
[EventType "swiss"]
[EventRounds "9"]
[EventCountry "RUS"]
[SourceTitle "CBM 139 Extra"]
[Source "ChessBase"]
[SourceDate "2011.01.05"]
[SourceVersion "1"]
[SourceVersionDate "2011.01.05"]
[SourceQuality "1"]

1. Nf3 Nf6 2. d4 e6 3. Bg5 c5 4. e3 cxd4 5. exd4 Be7 6. Bd3 b6 7. 0-0 Bb7 8. a4 0-0 9. Nc3 h6 10. Bh4 Nc6 11. Re1 Rc8 12. Na2 Na5 13. Qe2 Nh5 14. Bg3 Nxg3 15. hxg3 Qc7 16. Nc3 Nc6 17. Be4 Qb8 18. d5 Nb4 19. Ne5 Rcd8 20. Rad1 d6 21. Nd3 Nxd3 22. Bxd3 e5 23. f4 Rc8 24. Qh5 Qc7 25. fxe5 dxe5 26. Kh1 Bg5 27. Qf3 Rcd8 28. Nb5 Qe7 29. c4 a6 30. Nc3 g6 31. g4 Bc8 32. Qe4 1/2-1/2

[Event "Ufa op"]
[Site "Ufa"]
[Date "2010.11.24"]
[Round "5"]
[White "Darmin, Dmitry"]
[Black "Ibraev, Rustam"]
[Result "1/2-1/2"]
[WhiteElo "2364"]
[BlackElo "2179"]
[PlyCount "71"]
[EventDate "2010.11.20"]
[EventType "swiss"]
[EventRounds "9"]
[EventCountry "RUS"]
[SourceTitle "CBM 139 Extra"]
[Source "ChessBase"]
[SourceDate "2011.01.05"]
[SourceVersion "1"]
[SourceVersionDate "2011.01.05"]
[SourceQuality "1"]

1. e4 e6 2. d4 d5 3. exd5 exd5 4. Nf3 Nf6 5. c4 Bb4+ 6. Nc3 0-0 7. Be2 dxc4 8. Bxc4 Bg4 9. 0-0 Nc6 10. Be3 Bd6 11. Re1 Qd7 12. h3 Bh5 13. a3 Rad8 14. b4 h6 15. Be2 Rfe8 16. Qb3 Bf8 17. Rad1 Qc8 18. Qc4 a6 19. Rc1 Qd7 20. Red1 Bd6 21. Qb3 Re7 22. Na4 Qc8 23. Nc3 Qd7 24. Kf1 Ree8 25. b5 axb5 26. Nxb5 Na5 27. Qd3 Nd5 28. Nxd6 Nxe3+ 29. fxe3 cxd6 30. Kf2 Nc6 31. Qb5 Bg6 32. d5 Ne5 33. Qxd7 Nxd7 34. Bb5 Re4 35. Nd2 Re5 36. Nf3 1/2-1/2

[Event "RUS-Cup"]
[Site "Tula "]
[Date "1999.??.??"]
[Round "3"]
[White "Gaspariants, Garry"]
[Black "Ibraev, Rustam"]
[Result "1/2-1/2"]
[WhiteElo "2230"]
[BlackElo "2205"]
[PlyCount "37"]
[EventDate "1999.??.??"]
[EventType "swiss"]
[EventRounds "9"]
[EventCountry "RUS"]
[SourceTitle "EXT 2000"]
[Source "ChessBase"]
[SourceDate "1999.11.16"]
[SourceVersion "1"]
[SourceVersionDate "1999.11.16"]
[SourceQuality "1"]

1. d4 Nc6 2. Nf3 d6 3. Bf4 Nf6 4. c3 Bg4 5. Qb3 Qc8 6. Nbd2 g6 7. h3 Bf5 8. d5 Nb8 9. e4 Bd7 10. e5 dxe5 11. Nxe5 Bg7 12. d6 e6 13. dxc7 Nc6 14. Bb5 0-0 15. Bxc6 Bxc6 16. Nxc6 bxc6 17. Bd6 Re8 18. 0-0 Nd5 19. Qa4 1/2-1/2